Представление документа в формате RUSMARC

ПолеНазваниеЗначение
  Тип записи a
  Библиографический уровень m
001 Контрольный номер UONB/MAIN/a61b8e60d0964b2dbad5f31439703f0f
005 Дата корректировки 20250520131349.6
010 Индекс ISBN __
b Уточнения в пер.
d Цена 1 р. 25 к.
9 Тираж 12000 экз.
100 Данные общей обработки __
a Данные общей обработки 20230330d1967 uy0rusy0189## ca
101 Язык документа 0_
a Язык текста rus
102 Страна публикации __
a Страна публикации RU
105 Кодированные данные (монография) __
a Кодированные данные (монография) a z 001yy
200 Заглавие и сведения об ответственности 1_
a Заглавие Расчет и конструирование магнитных и электромагнитных приспособлений
f Первые сведения об ответственности О.Я. Константинов
203 Вид содержания и тип средства __
a Вид содержания Текст
b Характеристика содержания визуальный
c Тип средства непосредственный
210 Выходные данные 1_
a Место издания Ленинград
c Издательство Машиностроение, [Ленингр. отд-ние]
d Дата издания 1967
215 Физическое описание __
a Объем 315 с.
c Иллюстрации/тип воспроизводства ил.
d Формат 22 см
320 Библиография __
a Библиография Библиогр.: с. 312-313 (24 назв.)
606 Тематические рубрики 0_
a Основная рубрика Плиты магнитные
x Основная подрубрика Конструкция и расчет
606 Тематические рубрики 0_
a Основная рубрика Плиты магнитные
x Основная подрубрика Конструкция и расчет
610 Ключевые слова 0_
a Ключевые слова плиты магнитные; конструкция и расчет; плиты электромагнитные
675 Индекс УДК __
a Индекс УДК 6П4.6-081.251
686 Индексы других классификаций __
a Классификационный индекс 34
2 Код системы rubbk
700 Автор _1
a Фамилия Константинов
b Имя (инициалы) О.Я.
g Полное личное имя Олег Яковлевич
801 Источник записи _0
a Страна RU
b Организация Ульяновская ОНБ
c Дата составления 20230330
g Правила каталогизации RCR
801 Источник записи _1
a Страна RU
b Организация Ульяновская ОНБ
c Дата составления 20230330
g Правила каталогизации RCR
901 Тип документа __
t Тип документа m
909 Создатель записи __
a Создатель записи Мазуренко
b Дата создания записи 20230330